| 000 | 00624nam a2200217Ia 4500 | ||
|---|---|---|---|
| 003 | OSt | ||
| 005 | 20230518144014.0 | ||
| 008 | 210423s2008 xx 000 0 und d | ||
| 020 | _a978-81-7473-396-5 | ||
| 040 | _cAL | ||
| 082 |
_a574.192 RAMM _223 |
||
| 100 |
_aRAMBABU (Kondreddy);SRILAKSHMI (P);KAMESWARI (Kondreddy). _9108324 |
||
| 245 | _aMTF in biochemistry: multiple choice questions | ||
| 260 |
_aNew Delhi _bA I T B S Publications _c2008 |
||
| 300 |
_axiv,493 _bPB |
||
| 365 |
_b195 _cINR |
||
| 650 |
_aBiochemistry _9108325 |
||
| 650 |
_aBiology _9108326 |
||
| 906 | _abiochemistry. ; MTF | ||
| 942 |
_2ddc _cBK |
||
| 999 |
_c165115 _d165115 |
||